Skoki narciarskie - zawodnicy na podium PŚ w sezonie 2023/2024 - Statystyki

Ogólne statystyki
  • Ten quiz został rozwiązany 990 razy
    867 od ostatniego zresetowania
  • Średni wynik to 16 z 21
Statystyki odpowiedzi
Hint Odpowiedź % Poprawnych
. Stefan Kraft
100%
Ryoyu Kobayashi
95%
. Aleksander Zniszczoł
93%
. Peter Prevc
92%
. Domen Prevc
90%
. Andreas Wellinger
88%
. Karl Geiger
88%
Anze Lanisek
85%
. Jan Hoerl
84%
Johann Andre Forfang
83%
. Timi Zajc
80%
. Pius Paschke
79%
. Daniel Huber
78%
Marius Lindvik
73%
. Lovro Kos
69%
Daniel Tschofenig
68%
Gregor Deschwanden
66%
Michael Hayboeck
64%
. Phillipp Raimund
57%
Kristoffer Eriksen Sundal
56%
. Stephan Leyhe
52%
Nie znaleziono quizów pasujących do podanych kryteriów
Rozkład punktacji
Procent ludzi z każdym wynikiem
Percentyl według liczby udzielonych odpowiedzi
Twoja historia wyników
Nie rozwiązałeś tego quizu od ostatniego zresetowania